| 000 | 01204nam a2200229Ia 4500 | ||
|---|---|---|---|
| 003 | Ost | ||
| 005 | 20260507075125.0 | ||
| 008 | 260507s9999||||xx |||||||||||||| ||und|| | ||
| 020 | _a7741009948 | ||
| 040 | _cfsecg | ||
| 041 | _aara | ||
| 082 | _a330 | ||
| 100 | _eمؤلف | ||
| 245 | 0 | _aمستقبل النفط كمصدر للطاقة / | |
| 260 |
_aأبوظبي: _bمركز الإمارات للدراسات والبحوث الإستراتيجية, _c2005 |
||
| 300 |
_a316 صفحة؛ _bإيضاحات ؛ _c24 سم |
||
| 520 | _aالنفط كمصدر للطاقة:حقائق الحاصل واحتمالات المستقبل-تقويم مصادرالطاقة البديلة-الطاقة المتجددة:التحدي الحقيقي الراهن للنفط-مستقبل الغاز الطبيعي في سوق الطاقة-أهمية جودة الطاقة في التحول إلى اقتصاد شمسي أثر المخاوف البيئية في مستقبل النفط-تطورات جديدة في صناعة النفط-البحث عن الإستقرار في سوق النفط | ||
| 653 | _aالنفط | ||
| 653 | _aسوق النفط | ||
| 653 | _aمصادر الطاقة | ||
| 942 | _cكتاب | ||
| 999 |
_c43139 _d43139 |
||